Metropolitan police department, Tokyo (Record no. 15203)

000 -LEADER
fixed length control field 00395pab a2200145 454500
008 - FIXED-LENGTH DATA ELEMENTS--GENERAL INFORMATION
fixed length control field 180718b1989 xxu||||| |||| 00| 0 eng d
100 ## - MAIN ENTRY--PERSONAL NAME
Personal name Kanth, Amod
245 ## - TITLE STATEMENT
Title Metropolitan police department, Tokyo
Remainder of title A comparison with Delhi Police
260 ## - PUBLICATION, DISTRIBUTION, ETC.
Date of publication, distribution, etc. 1989
300 ## - PHYSICAL DESCRIPTION
Extent 11-17
362 ## - DATES OF PUBLICATION AND/OR SEQUENTIAL DESIGNATION
Dates of publication and/or sequential designation Jan.-Mar.
650 ## - SUBJECT ADDED ENTRY--TOPICAL TERM
Topical term or geographic name entry element Police, Metropolitan - Japan
773 ## - HOST ITEM ENTRY
Main entry heading Indian Police Journal
909 ## -
-- 15203
Holdings
Withdrawn status Lost status Damaged status Not for loan Permanent Location Current Location Date acquired Serial Enumeration / chronology Barcode Date last seen Price effective from Koha item type
        Indian Institute of Public Administration Indian Institute of Public Administration 2018-07-19 Volume no: 36, Issue no: 1 AR15258 2018-07-19 2018-07-19 Articles

Powered by Koha